<?xml version="1.0" encoding="UTF-8"?>
<marc:record xmlns:marc="http://www.loc.gov/MARC21/slim">
   <marc:leader>00000nam a2200000 a 4500</marc:leader>
   <marc:datafield ind1="1" ind2=" " tag="100">
      <marc:subfield code="a">Grimm, Brüder</marc:subfield>
      <marc:subfield code="4">aut</marc:subfield>
      <marc:subfield code="e">Verfasser/-in</marc:subfield>
   </marc:datafield>
   <marc:datafield ind1=" " ind2=" " tag="653">
      <marc:subfield code="a">Märchen</marc:subfield>
   </marc:datafield>
   <marc:datafield ind1=" " ind2=" " tag="653">
      <marc:subfield code="a">Rapunzel</marc:subfield>
   </marc:datafield>
   <marc:datafield ind1="0" ind2="0" tag="245">
      <marc:subfield code="a">Rapunzel und die Rückkehr der Falken</marc:subfield>
   </marc:datafield>
   <marc:datafield ind1="0" ind2="0" tag="245">
      <marc:subfield code="c">frei nach dem Märchen "Rapunzel" der Brüder Grimm</marc:subfield>
   </marc:datafield>
   <marc:datafield ind1=" " ind2="1" tag="264">
      <marc:subfield code="a">Hamburg</marc:subfield>
      <marc:subfield code="b">OneGate Media</marc:subfield>
      <marc:subfield code="c">2023</marc:subfield>
   </marc:datafield>
   <marc:datafield ind1="1" ind2=" " tag="520">
      <marc:subfield code="a">Rapunzel wächst als Waise bei der Zauberin Eleonor auf. Als Königin Freya Eleonor an den Hof ruft, betritt Rapunzel zum ersten Mal die Stadtburg. Dort lernt sie Prinz Sigismund kennen. Königin Freya verlangt für ihren Sohn magische Hilfe, doch die Zauberin lehnt ab. Daher werden sie und Rapunzel eingekerkert. Mit Sigismunds Hilfe gelingt ihnen die Flucht. Nach vielen Jahren des Versteckens in einem einsamen Turm findet Sigismund Rapunzel dort wieder. Aber auch Königin Freya hat ihre Suche nicht aufgegeben, weil sie Eleonor immer noch unschädlich machen will. Als auch sie mit ihren Soldaten den einsamen Turm entdeckt, wendet die Zauberin eine mächtige Magie an.</marc:subfield>
   </marc:datafield>
   <marc:datafield ind1=" " ind2=" " tag="020">
      <marc:subfield code="a">4052912490789</marc:subfield>
      <marc:subfield code="9">4052912490789</marc:subfield>
   </marc:datafield>
   <marc:datafield ind1="0" ind2=" " tag="490">
      <marc:subfield code="v">0</marc:subfield>
   </marc:datafield>
   <marc:datafield ind1=" " ind2=" " tag="300">
      <marc:subfield code="a">1 DVD : 90 Min.</marc:subfield>
   </marc:datafield>
</marc:record>
